| 000 | 00543nam a2200217Ia 4500 | ||
|---|---|---|---|
| 008 | 170918s9999 xx 000 0 und d | ||
| 020 | _a9780439883801 | ||
| 050 | _bP944 2007 | ||
| 100 | _aPrevost, Guillaume | ||
| 245 | 4 | _aThe gate of days / | |
| 245 | _cGuillaume Prevost ; translated by William Rodarmor. | ||
| 260 | _aNew York : | ||
| 260 | _bScholastic, | ||
| 260 | _c2007 | ||
| 300 | _a249 pages : | ||
| 300 | _bcolored illustration ; | ||
| 300 | _c19cm. | ||
| 440 | _aThe book of time ; | ||
| 440 | _vII | ||
| 500 | _a800 | ||
| 999 |
_c342278 _d342278 |
||